000 00877nam a2200241 a 4500
005 20231025063712.0
008 991125s1991 mx 000 0 spa u
020 _a9688422975
035 _aUPN01000020480
049 _aCG
050 4 _aPN593
_bV3.4
100 1 _aVázquez, Joseph
245 1 4 _aLos eruditos a la violeta o curso completo de todas las ciencias /
_cJoseph Vázquez
260 _aMéxico :
_bCONACYT :
_bM. A. Porrúa
_c1991.
300 _a156, 97 p.
440 _aTlahuicole
500 _a"Edición facsimilar de la publicada en Barcelona : Imprenta de Eulalia Piferrer Viuda, 1782"
501 _aCon: Ocios de mi juventud, ó poesías líricas de D. Josef Vázquez: en continuación de los Eruditos a la violeta.
650 2 _aLiteratura
_xFilosofía
_98046
650 4 _aLiteratura
_xHistoria y crítica
_95355
902 _aMMA/tgg.
905 _aLibro
999 _c20480
_d20480